| 000 | 01449cam a22003251i 4500 | ||
|---|---|---|---|
| 003 | SA-RiAUC | ||
| 005 | 20241127144745.0 | ||
| 008 | 241126s1987 qa ako g b f000r0 ara c | ||
| 040 |
_aSA-RiAUC _bara _cSA-RiAUC _erda |
||
| 082 | 0 | 4 |
_a362.293 _qSA-RiAUC |
| 090 |
_a362.293 _bه و ا |
||
| 100 | 1 |
_aالهواري، محمد محمود، _d1931-2015 _eمؤلف. |
|
| 245 | 1 | 2 |
_aالمخدرات من القلق إلى الاستعباد / _cمحمد محمود الهواري. |
| 250 | _aالطبعة الأولى. | ||
| 264 | 1 |
_aالدوحة : _bرئاسة المحاكم الشرعية والشؤون الدينية، _c1987 |
|
| 264 | 3 |
_a[مكان الطبع غير محدد] : _bمطابع الدوحة الحديثة |
|
| 300 |
_a200 صفحة : _bأشكال، جداول، صور ؛ _c20 سم. |
||
| 336 |
_aنص _btxt _2rdacontent _3كتاب |
||
| 337 |
_aبدون وسيط _bn _2rdamedia |
||
| 338 |
_aمجلد _bnc _2rdacarrier |
||
| 490 | 1 |
_aكتاب الأمة ؛ _v15 |
|
| 504 | _aيشتمل على إرجاعات ببليوجرافية. | ||
| 650 | 7 |
_aإدمان المخدرات _2aucsh |
|
| 650 | 7 |
_aالمخدرات والشباب _2aucsh |
|
| 650 | 7 |
_aمكافحة المخدرات _2aucsh |
|
| 650 | 7 |
_aالإسلام والمخدرات _2aucsh |
|
| 830 | 0 |
_aكتاب الأمة (قطر. وزارة الأوقاف والشؤون الإسلامية) _v15 |
|
| 942 |
_2ddc _cBOOK _n0 |
||
| 949 |
_aSA-JeALM _d241126 _umohamedma123 _n1 |
||
| 999 |
_c2825 _d2825 |
||